[Event "Senior DM 2017 - 65+"]
[Site "Logumkloster"]
[Date "2017.02.17"]
[Round "6"]
[White "Sorensen, Bent"]
[Black "Grabow, Pouelsten Holm"]
[Result "1/2-1/2"]
[WhiteElo "2255"]
[BlackElo "2123"]
[PlyCount "53"]
[EventDate "2017.02.??"]
[EventType "swiss"]
[EventRounds "7"]
[EventCountry "DEN"]
[WhiteClock "0:22:27"]
[BlackClock "0:09:10"]

1. d4 e6 2. Nf3 c5 3. e3 d5 4. c4 cxd4 5. Nxd4 Nf6 6. Nc3 a6 7. Qa4+ Bd7 8. Qb3
Nc6 9. cxd5 Na5 10. Qd1 exd5 11. Be2 Bb4 12. O-O O-O 13. Nb1 Rc8 14. b3 Qb6 15.
Bb2 Rfd8 16. Qd3 Ne4 17. a3 Bf8 18. Nc3 Nxc3 19. Bxc3 Nxb3 20. Rab1 Nc5 21.
Rxb6 Nxd3 22. Ba5 Nc5 23. Nb3 Bc6 24. Nxc5 Bxc5 25. Rxc6 bxc6 26. Bxd8 Rxd8 27.
a4 1/2-1/2

[Event "Senior DM 2017 - 65+"]
[Site "Logumkloster"]
[Date "2017.02.17"]
[Round "6"]
[White "Nielsen, Aage Sondergaard"]
[Black "Rosenlund, Thorbjorn"]
[Result "0-1"]
[WhiteElo "1935"]
[BlackElo "2264"]
[PlyCount "98"]
[EventDate "2017.02.??"]
[EventType "swiss"]
[EventRounds "7"]
[EventCountry "DEN"]
[WhiteClock "0:25:10"]
[BlackClock "0:27:49"]

1. e4 c6 2. d4 d5 3. e5 c5 4. Nf3 Nc6 5. c3 Bg4 6. Be2 e6 7. Be3 Nge7 8. Nbd2
Nf5 9. O-O Be7 10. Re1 Nxe3 11. fxe3 O-O 12. Qc2 f5 13. exf6 Bxf6 14. h3 Bf5
15. Bd3 Bh4 16. Rf1 Bxd3 17. Qxd3 Bg3 18. Nh2 Bxh2+ 19. Kxh2 Qd6+ 20. g3 e5 21.
dxc5 Qxc5 22. b4 e4 23. bxc5 exd3 24. Kg2 Ne5 25. Rab1 Rac8 26. Rxf8+ Kxf8 27.
Nf3 Nc4 28. Kf2 Rxc5 29. Rxb7 Ra5 30. Rd7 Rxa2+ 31. Ke1 Nxe3 32. Nd2 Ng2+ 33.
Kd1 Ra1+ 34. Nb1 Rxb1+ 35. Kd2 Ne1 36. Rxa7 Nf3+ 37. Kxd3 Ng5 38. h4 Ne4 39. c4
Rd1+ 40. Kc2 Rd2+ 41. Kc1 dxc4 42. Rc7 c3 43. g4 Rg2 44. Rc8+ Kf7 45. Rc7+ Ke6
46. Rxg7 Nc5 47. Rc7 Kd6 48. Rc8 Nd3+ 49. Kd1 Rd2# 0-1

[Event "Senior DM 2017 - 65+"]
[Site "Logumkloster"]
[Date "2017.02.17"]
[Round "6"]
[White "Rasmussen, Knud Aage"]
[Black "Strachan, Christian C"]
[Result "0-1"]
[WhiteElo "1795"]
[BlackElo "1948"]
[PlyCount "132"]
[EventDate "2017.02.??"]
[EventType "swiss"]
[EventRounds "7"]
[EventCountry "DEN"]
[WhiteClock "0:14:38"]
[BlackClock "0:59:58"]

1. c4 c6 2. g3 d5 3. cxd5 cxd5 4. Bg2 Nf6 5. Nf3 Nc6 6. O-O e6 7. d4 Bd6 8. Nc3
a6 9. a3 Bd7 10. e3 O-O 11. Nd2 Rc8 12. f4 Na5 13. g4 Nc4 14. Nxc4 Rxc4 15. g5
Ne8 16. Bd2 g6 17. Ne2 Ng7 18. Ng3 Qb6 19. Bc3 Rfc8 20. Qd2 Bb5 21. Rfc1 Ba4
22. Bf1 R4c6 23. Be2 Qc7 24. Bd1 Bxd1 25. Qxd1 b5 26. Bd2 Qb7 27. Rxc6 Rxc6 28.
Rc1 Qc8 29. Rxc6 Qxc6 30. Qc1 Qxc1+ 31. Bxc1 Ne8 32. Bd2 f6 33. h4 Kg7 34. Kf2
Be7 35. Kf3 h6 36. e4 hxg5 37. hxg5 fxg5 38. fxg5 Nd6 39. e5 Nc4 40. Bc1 a5 41.
Ke2 a4 42. Kd3 b4 43. axb4 Bxb4 44. Ne2 a3 45. bxa3 Nxa3 46. Bxa3 Bxa3 47. Kc3
Be7 48. Ng1 Bxg5 49. Kd3 Kh6 50. Ke2 Bc1 51. Kf3 Kg5 52. Ne2 Bd2 53. Kg3 Kf5
54. Kf3 Be1 55. Ng1 g5 56. Ke2 Bc3 57. Ke3 g4 58. Ne2 Be1 59. Ng1 Bh4 60. Ne2
Bg5+ 61. Kd3 Bf4 62. Nc3 g3 63. Ke2 Kg4 64. Kf1 Kf3 65. Nd1 g2+ 66. Kg1 Be3+
0-1

[Event "Senior DM 2017 - 65+"]
[Site "Logumkloster"]
[Date "2017.02.17"]
[Round "6"]
[White "Fjordside, Arne Dan"]
[Black "Baagoe, Hans Chr"]
[Result "1-0"]
[WhiteElo "1926"]
[BlackElo "1566"]
[PlyCount "81"]
[EventDate "2017.02.??"]
[EventType "swiss"]
[EventRounds "7"]
[EventCountry "DEN"]
[WhiteClock "0:52:02"]
[BlackClock "0:53:59"]

1. d4 d5 2. Nf3 Nf6 3. Bf4 e6 4. e3 Bd6 5. Bg3 O-O 6. Bd3 c5 7. c3 cxd4 8. cxd4
Nc6 9. Nc3 a6 10. Rc1 Ne7 11. Ne5 Ng6 12. f4 b5 13. O-O b4 14. Nxg6 fxg6 15.
Nb1 Bd7 16. Nd2 a5 17. Qe2 Qb6 18. Nf3 Nh5 19. Bh4 Rac8 20. Ne5 Bxe5 21. fxe5
Rxc1 22. Rxc1 Nf4 23. exf4 Qxd4+ 24. Bf2 Qxf4 25. Rf1 a4 26. Bc5 Qxf1+ 27. Qxf1
Rxf1+ 28. Kxf1 b3 29. axb3 axb3 30. Ke2 Kf7 31. Kd2 h5 32. Kc3 g5 33. Kxb3 h4
34. Kc3 Bc6 35. Kd4 Ke8 36. b4 Kd8 37. Bf8 g4 38. Bxg7 h3 39. g3 Be8 40. Bf8
Kc7 41. Kc5 1-0

[Event "Senior DM 2017 - 65+"]
[Site "Logumkloster"]
[Date "2017.02.17"]
[Round "6"]
[White "Rasmussen, Jens"]
[Black "Palm, Eivind"]
[Result "0-1"]
[WhiteElo "1720"]
[BlackElo "1848"]
[PlyCount "106"]
[EventDate "2017.02.??"]
[EventType "swiss"]
[EventRounds "7"]
[EventCountry "DEN"]
[WhiteClock "1:07:25"]
[BlackClock "0:08:22"]

1. d4 e6 2. Nf3 f5 3. Nc3 Nf6 4. a3 b6 5. Bg5 Bb7 6. e3 Be7 7. Bd3 O-O 8. Bxf6
Bxf6 9. e4 fxe4 10. Nxe4 Bxe4 11. Bxe4 d5 12. Bd3 c5 13. c3 Qe8 14. O-O Qh5 15.
Re1 cxd4 16. cxd4 Nc6 17. Rc1 Rac8 18. Bb1 Qf7 19. Qd3 g6 20. Rc2 Ne7 21. Qe2
Rxc2 22. Bxc2 Nf5 23. Bxf5 exf5 24. Qe6 Qxe6 25. Rxe6 Rc8 26. g3 Kf7 27. Rd6
Ke7 28. Rxd5 a6 29. Re5+ Bxe5 30. Nxe5 Ke6 31. Kg2 Rc2 32. Nd3 Rd2 33. Nf4+ Kd6
34. b3 Rxd4 35. h4 Rd2 36. Kf3 Rb2 37. b4 Rb3+ 38. Ke2 Rxa3 39. Nd3 Kd5 40. Kd2
Kd4 41. Nc1 Kc4 42. Ke2 Kxb4 43. Nd3+ Rxd3 44. Kxd3 a5 45. f3 a4 46. Kc2 Kc4
47. g4 b5 48. h5 Kd4 49. hxg6 hxg6 50. gxf5 gxf5 51. Kd2 b4 52. Ke2 a3 53. Kf2
f4 0-1

[Event "Senior DM 2017 - 65+"]
[Site "Logumkloster"]
[Date "2017.02.17"]
[Round "6"]
[White "Larsen, Finn"]
[Black "Johnsen, Oystein"]
[Result "0-1"]
[WhiteElo "1698"]
[BlackElo "1983"]
[PlyCount "40"]
[EventDate "2017.02.??"]
[EventType "swiss"]
[EventRounds "7"]
[EventCountry "DEN"]
[WhiteClock "0:57:56"]
[BlackClock "0:38:04"]

1. c4 Nf6 2. Nc3 c6 3. Nf3 d5 4. cxd5 cxd5 5. d4 Nc6 6. Bg5 Ne4 7. Bd2 Nxd2 8.
Qxd2 Bf5 9. e3 e6 10. Be2 Rc8 11. O-O Bd6 12. a3 g5 13. b4 g4 14. Ne1 h5 15.
Nd3 Bxd3 16. Bxd3 Qh4 17. g3 Qg5 18. Ne2 h4 19. f4 gxf3 20. Rxf3 hxg3 0-1

[Event "Senior DM 2017 - 65+"]
[Site "Logumkloster"]
[Date "2017.02.17"]
[Round "6"]
[White "Stald, Flemming"]
[Black "Hardlei, Kim"]
[Result "1/2-1/2"]
[WhiteElo "1945"]
[BlackElo "1811"]
[PlyCount "74"]
[EventDate "2017.02.??"]
[EventType "swiss"]
[EventRounds "7"]
[EventCountry "DEN"]
[WhiteClock "0:26:21"]
[BlackClock "0:16:31"]

1. d4 e6 2. Bf4 b6 3. Nf3 Bb7 4. e3 c5 5. c3 Nf6 6. h3 Be7 7. Nbd2 O-O 8. Bd3
d5 9. O-O Ba6 10. Bxa6 Nxa6 11. Qe2 Nc7 12. a4 Bd6 13. Be5 Qe7 14. Rfc1 Rfd8
15. b3 Bxe5 16. Nxe5 Qd6 17. Qd3 Rac8 18. Rc2 Nd7 19. Nef3 e5 20. dxe5 Nxe5 21.
Nxe5 Qxe5 22. Nf3 Qf6 23. Rd1 c4 24. Qd2 cxb3 25. Rb2 Qc6 26. Ra1 Ne6 27. Rxb3
Nc5 28. Nd4 Qf6 29. Rba3 Ne4 30. Qe1 Rc4 31. f3 Nd6 32. R3a2 Rdc8 33. Rc1 Nb7
34. Qd2 g6 35. Ne2 Qc6 36. Nd4 Qc5 37. Nb3 Qc6 1/2-1/2

[Event "Senior DM 2017 - 65+"]
[Site "Logumkloster"]
[Date "2017.02.17"]
[Round "6"]
[White "Hvenekilde, Jorgen"]
[Black "Haugaard, Thomas"]
[Result "1/2-1/2"]
[WhiteElo "2092"]
[BlackElo "1687"]
[PlyCount "29"]
[EventDate "2017.02.??"]
[EventType "swiss"]
[EventRounds "7"]
[EventCountry "DEN"]
[WhiteClock "0:44:50"]
[BlackClock "0:48:15"]

1. e4 e5 2. Nf3 Nc6 3. Bc4 Nf6 4. Qe2 Be7 5. O-O O-O 6. c3 Re8 7. Bb3 Bc5 8. d3
h6 9. Be3 Bb6 10. Nbd2 d5 11. Bxb6 axb6 12. Rfe1 d4 13. cxd4 Nxd4 14. Nxd4 Qxd4
15. Nf3 1/2-1/2

[Event "Senior DM 2017 - 65+"]
[Site "Logumkloster"]
[Date "2017.02.18"]
[Round "7"]
[White "Jensen, Jens Peter"]
[Black "Bucka Lassen, Edlef"]
[Result "1-0"]
[WhiteElo "1518"]
[BlackElo "1594"]
[PlyCount "65"]
[EventDate "2017.02.??"]
[EventType "swiss"]
[EventRounds "7"]
[EventCountry "DEN"]

1. e4 c5 2. Bc4 Nc6 3. Nf3 Nf6 4. d3 g6 5. a3 Bg7 6. Nc3 h6 7. h3 O-O 8. O-O e6
9. Ne2 d5 10. exd5 Nxd5 11. Bxd5 Qxd5 12. Nf4 Qd7 13. c3 b6 14. Qe2 Bb7 15. Qe3
Rfe8 16. Re1 Rad8 17. Rd1 Ba6 18. Qe1 e5 19. Nxg6 fxg6 20. Qe4 Bxd3 21. Rxd3
Qxd3 22. Qxc6 Qd1+ 23. Kh2 e4 24. Qxg6 Qd6+ 25. Qxd6 Rxd6 26. Nh4 Rd1 27. Nf5
Kh7 28. Nxg7 Kxg7 29. Bxh6+ Kxh6 30. Rxd1 Kg5 31. Kg3 e3 32. f4+ Kf5 33. Kf3
1-0

[Event "Senior DM 2017 - 65+"]
[Site "Logumkloster"]
[Date "2017.02.18"]
[Round "7"]
[White "Baagoe, Hans Chr"]
[Black "Hansen, Uwe"]
[Result "1-0"]
[WhiteElo "1566"]
[BlackElo "1412"]
[PlyCount "53"]
[EventDate "2017.02.??"]
[EventType "swiss"]
[EventRounds "7"]
[EventCountry "DEN"]

1. d4 d5 2. c4 c6 3. e3 Nf6 4. Nc3 e6 5. a3 Bd6 6. c5 Be7 7. Bd3 Nbd7 8. Nf3 h6
9. O-O b5 10. b4 a5 11. Bb2 a4 12. Qc2 Qc7 13. h3 Bb7 14. Rfc1 Rd8 15. Nxb5
cxb5 16. c6 Qb6 17. cxd7+ Nxd7 18. Qe2 Ba6 19. Rc2 O-O 20. Rac1 Nb8 21. Ne5
Rde8 22. Qh5 Bd6 23. g4 Qd8 24. f4 Qf6 25. g5 Qe7 26. gxh6 f5 27. h7+ 1-0

[Event "Senior DM 2017 - 65+"]
[Site "Logumkloster"]
[Date "2017.02.18"]
[Round "7"]
[White "Larsen, Torben"]
[Black "Rasmussen, Jens"]
[Result "0-1"]
[WhiteElo "1658"]
[BlackElo "1720"]
[PlyCount "92"]
[EventDate "2017.02.??"]
[EventType "swiss"]
[EventRounds "7"]
[EventCountry "DEN"]

1. d4 d5 2. c4 e6 3. Nf3 Nf6 4. Nc3 c6 5. e3 Bb4 6. cxd5 exd5 7. Be2 Ne4 8. Qc2
O-O 9. O-O Nxc3 10. bxc3 Bd6 11. c4 b6 12. cxd5 cxd5 13. Bb2 Bb7 14. Rac1 Nd7
15. Qd3 a5 16. Ba3 Ba6 17. Qxa6 Bxa3 18. Qb5 Bxc1 19. Rxc1 Nf6 20. Ne5 Qd6 21.
Rc6 Qb4 22. Rxb6 Qxb5 23. Rxb5 Rfb8 24. a4 Rc8 25. Nd3 Rc2 26. Kf1 Ra2 27. Bd1
Ra1 28. Ke1 Ne4 29. Nb2 Nc3 30. Rc5 Nxd1 31. Nxd1 Rxa4 32. Rxd5 Ra1 33. Kd2 a4
34. Nc3 a3 35. Rb5 g6 36. Kc2 Re1 37. Rb1 Rxb1 38. Kxb1 Rb8+ 39. Ka2 Rb2+ 40.
Kxa3 Rxf2 41. d5 Kf8 42. d6 Ke8 43. Kb4 Kd7 44. Kc5 Rxg2 45. Nd5 Rc2+ 46. Kd4
Kxd6 0-1

[Event "Senior DM 2017 - 65+"]
[Site "Logumkloster"]
[Date "2017.02.18"]
[Round "7"]
[White "Kristensen, Karl Martin"]
[Black "Christiansen, Niels Jorgen"]
[Result "1-0"]
[WhiteElo "1557"]
[BlackElo "1645"]
[PlyCount "107"]
[EventDate "2017.02.??"]
[EventType "swiss"]
[EventRounds "7"]
[EventCountry "DEN"]

1. c4 Nf6 2. Nc3 e6 3. d4 d5 4. h3 c5 5. Nf3 Nc6 6. e3 Be7 7. Bd3 O-O 8. a3 Re8
9. O-O cxd4 10. exd4 dxc4 11. Bxc4 a6 12. Be3 b5 13. Bd3 Bb7 14. Qc2 Rc8 15.
Rad1 b4 16. Ne4 g6 17. Nxf6+ Bxf6 18. Qe2 bxa3 19. bxa3 Ne7 20. Bxa6 Bxa6 21.
Qxa6 Ra8 22. Qd3 Qd6 23. Ra1 Ra4 24. Qb5 Rea8 25. Rfb1 Kg7 26. Rb3 Rxa3 27.
Raxa3 Rxa3 28. Rxa3 Qxa3 29. Qd7 Qa8 30. Bg5 Qd5 31. Bxf6+ Kxf6 32. Qe8 h5 33.
Qh8+ Kf5 34. Qg7 Ke4 35. Qxf7 Nf5 36. Qxg6 Kd3 37. Qxh5 Qe4 38. Qg5 Qe2 39. Qf4
Qd1+ 40. Kh2 Qe2 41. Ne5+ Kc3 42. Qf3+ Qxf3 43. Nxf3 Kd3 44. g4 Nd6 45. h4 Ke2
46. Kg2 Ne4 47. g5 Nxf2 48. g6 Ng4 49. Kg3 Nh6 50. Kf4 Kd3 51. Ke5 Ke3 52. Ng5
Nf5 53. h5 Nxd4 54. Nxe6 1-0

[Event "Senior DM 2017 - 65+"]
[Site "Logumkloster"]
[Date "2017.02.18"]
[Round "7"]
[White "Madsen, Nis H"]
[Black "Larsen, Alex"]
[Result "1-0"]
[WhiteElo "1580"]
[BlackElo "1459"]
[PlyCount "71"]
[EventDate "2017.02.??"]
[EventType "swiss"]
[EventRounds "7"]
[EventCountry "DEN"]

1. e4 c5 2. Bc4 e6 3. Nf3 Nc6 4. d4 cxd4 5. Nxd4 Bb4+ 6. c3 Bc5 7. Be3 Be7 8.
Nd2 Bg5 9. Nxc6 bxc6 10. Qe2 Nh6 11. h3 Bb7 12. Nf3 Bxe3 13. Qxe3 f6 14. Rd1
Qc7 15. e5 O-O-O 16. O-O Qb6 17. Qd2 Ba6 18. Bxa6+ Qxa6 19. exf6 Nf5 20. fxg7
Nxg7 21. Ne5 Rhf8 22. Qh6 Nf5 23. Qxh7 d5 24. Qg6 c5 25. b3 Nh4 26. Qg4 Nxg2
27. Kh2 Rg8 28. Ng6 Qd6+ 29. Kxg2 Rxg6 30. Qxg6 Rd7 31. Kh1 Qe5 32. Rde1 Qxc3
33. Qxe6 Qf3+ 34. Kg1 Kc7 35. Qe5+ Kd8 36. Qb8# 1-0

[Event "Senior DM 2017 - 65+"]
[Site "Logumkloster"]
[Date "2017.02.18"]
[Round "7"]
[White "Jensen, Hans Askov"]
[Black "Jensen, Scot Wolfgang"]
[Result "0-1"]
[WhiteElo "1540"]
[BlackElo "1691"]
[PlyCount "62"]
[EventDate "2017.02.??"]
[EventType "swiss"]
[EventRounds "7"]
[EventCountry "DEN"]

1. e4 e5 2. Nf3 Nc6 3. Bb5 d6 4. O-O a6 5. Ba4 b5 6. Bb3 Nf6 7. Nc3 Be6 8. Nd5
Nxe4 9. d4 Bg4 10. h3 Bh5 11. Qd3 Nf6 12. Nxf6+ Qxf6 13. Bd5 Nb4 14. Qb3 Nxd5
15. Qxd5 Bxf3 16. dxe5 Bxd5 17. exf6 gxf6 18. Re1+ Be6 19. f4 f5 20. Bd2 h5 21.
Bc3 Rh6 22. Re3 Kd7 23. Rae1 d5 24. Be5 Bc5 25. Kh1 Bxe3 26. Rxe3 Rg8 27. Rc3
c6 28. Ra3 Ra8 29. Ra5 Rg6 30. a4 Rg3 31. axb5 cxb5 0-1

[Event "Senior DM 2017 - 65+"]
[Site "Logumkloster"]
[Date "2017.02.18"]
[Round "7"]
[White "Bjerre, Per"]
[Black "Larsen, Finn"]
[Result "0-1"]
[WhiteElo "1628"]
[BlackElo "1698"]
[PlyCount "101"]
[EventDate "2017.02.??"]
[EventType "swiss"]
[EventRounds "7"]
[EventCountry "DEN"]

1. e4 c6 2. Nc3 d5 3. Nf3 dxe4 4. Nxe4 Nd7 5. Bc4 e6 6. Qe2 Nb6 7. Bb3 Nf6 8.
O-O Be7 9. d3 Qc7 10. Bg5 Nbd5 11. g3 h6 12. Nxf6+ Bxf6 13. Bxf6 Nxf6 14. d4
O-O 15. c4 Rd8 16. Rad1 b6 17. Ne5 Ba6 18. Rfe1 c5 19. Qf3 Rac8 20. d5 exd5 21.
cxd5 c4 22. Bc2 Bb7 23. Be4 Nxe4 24. Qxe4 Re8 25. Qd4 f6 26. d6 fxe5 27. Rxe5
Qc6 28. Rd5 Qd7 29. Re5 b5 30. Re7 Rxe7 31. dxe7 Qxd4 32. Rxd4 Re8 33. Rd7 Bf3
34. Rxa7 Kf7 35. Kf1 Rxe7 36. Rxe7+ Kxe7 37. Ke1 Kd6 38. Kd2 Kc5 39. Ke3 Bh5
40. h4 b4 41. Kd2 Bg6 42. a3 bxa3 43. bxa3 Kd4 44. a4 c3+ 45. Kc1 Kc4 46. g4
Kb4 47. f4 Bd3 48. f5 h5 49. f6 gxf6 50. g5 fxg5 51. hxg5 0-1

[Event "Senior DM 2017 - 65+"]
[Site "Logumkloster"]
[Date "2017.02.18"]
[Round "7"]
[White "Mortensen, Steen Juul"]
[Black "Nielsen, Aage Sondergaard"]
[Result "1-0"]
[WhiteElo "1920"]
[BlackElo "1935"]
[PlyCount "129"]
[EventDate "2017.02.??"]
[EventType "swiss"]
[EventRounds "7"]
[EventCountry "DEN"]
[WhiteClock "0:09:02"]
[BlackClock "0:09:19"]

1. d4 e6 2. e4 d5 3. exd5 exd5 4. Bd3 Nc6 5. c3 Bd6 6. Ne2 Nf6 7. Bf4 Bg4 8. f3
Be6 9. Qd2 h6 10. Bxd6 Qxd6 11. Qf4 O-O-O 12. Na3 a6 13. O-O-O Kb8 14. Rhe1 b5
15. Qxd6 Rxd6 16. Nc2 Bd7 17. Ng3 g6 18. Ne2 Ka7 19. b3 Na5 20. Nb4 Nc6 21. Nc2
Rb8 22. Kd2 Nd8 23. Nc1 Ne6 24. b4 Kb6 25. Nb3 Nf4 26. Bf1 Re8 27. Re5 Rde6 28.
Rde1 Rxe5 29. dxe5 Ng8 30. Nc5 Bc8 31. Nd4 Ne6 32. Ndb3 Rd8 33. Ke3 Ne7 34. Bd3
Nc6 35. Nxe6 Bxe6 36. f4 Ne7 37. Kd4 Nc6+ 38. Ke3 d4+ 39. Nxd4 Nxd4 40. cxd4
Bxa2 41. g4 Bd5 42. f5 g5 43. Rc1 c6 44. Be4 Rd7 45. Ra1 Ra7 46. Kd3 Ra8 47.
Ke3 Rh8 48. h4 h5 49. Bxd5 cxd5 50. hxg5 h4 51. Kf3 h3 52. Kg3 h2 53. g6 fxg6
54. fxg6 Rh6 55. g7 Rg6 56. Kxh2 Rxg7 57. Kg3 Rc7 58. e6 Re7 59. Re1 a5 60.
bxa5+ Kxa5 61. Kf4 b4 62. Kf5 b3 63. Kf6 Rc7 64. e7 Rc6+ 65. Kf5 1-0

[Event "Senior DM 2017 - 65+"]
[Site "Logumkloster"]
[Date "2017.02.18"]
[Round "7"]
[White "Hansen, Ib Lynaes"]
[Black "Moestrup, Jorn"]
[Result "0-1"]
[WhiteElo "1787"]
[BlackElo "2037"]
[PlyCount "110"]
[EventDate "2017.02.??"]
[EventType "swiss"]
[EventRounds "7"]
[EventCountry "DEN"]
[WhiteClock "0:18:15"]
[BlackClock "0:14:49"]

1. d3 d5 2. g3 g6 3. Bg2 Bg7 4. Nc3 Nf6 5. e4 dxe4 6. Nxe4 O-O 7. Ne2 Nxe4 8.
Bxe4 f5 9. Bg2 e5 10. c3 Nc6 11. Qc2 Be6 12. f4 Bd5 13. O-O Bxg2 14. Kxg2 Qd5+
15. Kg1 Rad8 16. fxe5 Nxe5 17. Nf4 Qc6 18. Qe2 Rfe8 19. d4 Ng4 20. Qf3 Qxf3 21.
Rxf3 c6 22. h3 Nf6 23. Kf1 Ne4 24. Nd3 Rd5 25. a4 a6 26. Kg2 c5 27. Nf4 Rd7 28.
d5 c4 29. Rf1 Be5 30. g4 fxg4 31. hxg4 Nf6 32. Re1 Nxd5 33. Nxd5 Rxd5 34. Bf4
Kf7 35. Re4 Bxf4 36. Rxf4+ Kg8 37. Raf1 Rd2+ 38. R1f2 Rxf2+ 39. Rxf2 Kg7 40.
Kg3 Re7 41. Rd2 Kf6 42. Rd4 Re2 43. Rd6+ Re6 44. Rd7 Rb6 45. Rxh7 Rxb2 46. Rc7
b5 47. Rc6+ Kg5 48. Rxa6 Rb3 49. axb5 Rxc3+ 50. Kg2 Rb3 51. Rc6 c3 52. b6 Kxg4
53. Rxg6+ Kf4 54. Kf1 Rb1+ 55. Ke2 c2 0-1

[Event "Senior DM 2017 - 65+"]
[Site "Logumkloster"]
[Date "2017.02.18"]
[Round "7"]
[White "Strachan, Christian C"]
[Black "Olesen, Poul Erik Norgaard"]
[Result "1/2-1/2"]
[WhiteElo "1948"]
[BlackElo "2030"]
[PlyCount "166"]
[EventDate "2017.02.??"]
[EventType "swiss"]
[EventRounds "7"]
[EventCountry "DEN"]
[WhiteClock "0:05:14"]
[BlackClock "0:05:37"]

1. e4 g6 2. d4 Bg7 3. c4 d6 4. Nc3 Nf6 5. Be2 O-O 6. Nf3 c5 7. Be3 Ng4 8. O-O
Nxe3 9. fxe3 Nc6 10. Qd2 Bg4 11. d5 Bxf3 12. gxf3 Ne5 13. f4 Nd7 14. Bd3 a6 15.
Ne2 Qb6 16. Rab1 Rac8 17. a3 Qc7 18. Kh1 b5 19. b3 Rb8 20. Rfc1 Rb6 21. cxb5
axb5 22. Nd4 Qb7 23. Ne2 Ra8 24. a4 bxa4 25. bxa4 Rxa4 26. Rxb6 Qxb6 27. Kg2
Qb4 28. Qd1 Qa5 29. Bc2 Ra1 30. Rxa1 Qxa1 31. Qd3 Qa5 32. Qb3 Nb6 33. Kf3 Bf6
34. Bd3 Kg7 35. Qb5 Qxb5 36. Bxb5 Bb2 37. Kf2 Kf6 38. Ke1 e6 39. dxe6 Kxe6 40.
Kd2 f5 41. Ng3 fxe4 42. Nxe4 Bf6 43. Be2 Be7 44. Bg4+ Kf7 45. Nc3 d5 46. Kd3
Bf6 47. Ne2 Ke7 48. Bf3 c4+ 49. Kc2 Kd7 50. h3 Bg7 51. Kd2 Kd6 52. Nc3 Bxc3+
53. Kxc3 Kc5 54. Bg4 Na4+ 55. Kc2 Kb4 56. Be6 Kc5 57. Bg8 h6 58. h4 d4 59.
exd4+ Kxd4 60. Bh7 Ke4 61. Bxg6+ Kxf4 62. h5 Ke3 63. Bf7 Kd4 64. Bg6 Nc5 65.
Bf7 Nd3 66. Bg6 Nb4+ 67. Kb2 c3+ 68. Kb3 Nd5 69. Kc2 Ne3+ 70. Kb3 Nd5 71. Kc2
Nf4 72. Bf7 Ne2 73. Bg6 Nf4 74. Bf7 Nh3 75. Bg6 Nf2 76. Bf5 Nh1 77. Bg6 Ng3 78.
Bf7 Nf1 79. Bg6 Ne3+ 80. Kb3 Nc4 81. Kc2 Ne3+ 82. Kb3 Nd5 83. Kc2 Nf4 1/2-1/2

[Event "Senior DM 2017 - 65+"]
[Site "Logumkloster"]
[Date "2017.02.18"]
[Round "7"]
[White "Grabow, Pouelsten Holm"]
[Black "Rosenlund, Thorbjorn"]
[Result "1/2-1/2"]
[WhiteElo "2123"]
[BlackElo "2264"]
[PlyCount "30"]
[EventDate "2017.02.??"]
[EventType "swiss"]
[EventRounds "7"]
[EventCountry "DEN"]
[WhiteClock "0:40:29"]
[BlackClock "0:52:41"]

1. Nf3 d5 2. d4 e6 3. c4 c6 4. e3 Nf6 5. Nc3 Nbd7 6. Be2 Bd6 7. O-O dxc4 8.
Bxc4 b5 9. Bd3 Bb7 10. e4 e5 11. d5 b4 12. dxc6 Bxc6 13. Bc2 Nb6 14. Nd5 Nfxd5
15. exd5 Bxd5 1/2-1/2

[Event "Senior DM 2017 - 65+"]
[Site "Logumkloster"]
[Date "2017.02.18"]
[Round "7"]
[White "Hartung Nielsen, Jens"]
[Black "Sorensen, Bent"]
[Result "1/2-1/2"]
[WhiteElo "2174"]
[BlackElo "2255"]
[PlyCount "113"]
[EventDate "2017.02.??"]
[EventType "swiss"]
[EventRounds "7"]
[EventCountry "DEN"]
[WhiteClock "0:12:09"]
[BlackClock "0:17:04"]

1. e4 e6 2. d4 d5 3. Nc3 Nf6 4. e5 Nfd7 5. f4 c5 6. Nf3 Nc6 7. Be3 cxd4 8. Nxd4
Nxd4 9. Bxd4 Bc5 10. Bxc5 Nxc5 11. Qd4 b6 12. O-O-O O-O 13. Kb1 f6 14. g3 Bb7
15. Bh3 f5 16. Bg2 Qe8 17. Bf3 Rc8 18. Rd2 Kh8 19. Rc1 Ba6 20. Qb4 Rf7 21. Nd1
Rfc7 22. Ne3 Nd3 23. Qa3 Nxc1 24. Qxa6 Rc5 25. Kxc1 Ra5 26. Qd3 Rxa2 27. b3 Qe7
28. Kd1 Qb4 29. Qd4 Qxd4 30. Rxd4 Rc3 31. Kd2 Rxb3 32. Nxd5 Rxf3 33. Nb4 h5 34.
Nxa2 Rf2+ 35. Kc1 Rxh2 36. Nc3 Kh7 37. Kd1 h4 38. gxh4 Rxh4 39. Ne2 a5 40. Rd6
g5 41. fxg5 Rb4 42. Rxe6 a4 43. Rh6+ Kg7 44. Ng3 a3 45. Nxf5+ Kg8 46. Rg6+ Kh8
47. Rc6 a2 48. Rc8+ Kh7 49. Ra8 Rb1+ 50. Kd2 a1=Q 51. Rxa1 Rxa1 52. Ne7 Ra5 53.
Nc8 Rd5+ 54. Kc1 b5 55. e6 Rxg5 56. e7 Re5 57. Nd6 1/2-1/2

[Event "Senior DM 2017 - 65+"]
[Site "Logumkloster"]
[Date "2017.02.18"]
[Round "7"]
[White "Johnsen, Oystein"]
[Black "Fjordside, Arne Dan"]
[Result "1-0"]
[WhiteElo "1983"]
[BlackElo "1926"]
[PlyCount "115"]
[EventDate "2017.02.??"]
[EventType "swiss"]
[EventRounds "7"]
[EventCountry "DEN"]
[WhiteClock "0:04:46"]
[BlackClock "0:07:07"]

1. d4 Nf6 2. Nf3 d5 3. e3 Bf5 4. c4 c6 5. Nc3 e6 6. Qb3 Qb6 7. c5 Qc7 8. Bd2
Nbd7 9. Nh4 Bg6 10. Nxg6 hxg6 11. f4 Be7 12. Bd3 b6 13. cxb6 axb6 14. Rc1 Qa7
15. a4 O-O 16. O-O c5 17. Bb5 cxd4 18. exd4 Rfc8 19. Rfe1 Bf8 20. Na2 Ne4 21.
Bb4 Nd6 22. Bxd6 Bxd6 23. g3 Nf6 24. Nb4 Rxc1 25. Rxc1 Qa5 26. Nc6 Qd2 27. Qc3
Ne4 28. Qxd2 Nxd2 29. Rc3 Ne4 30. Rc2 Bf8 31. b3 g5 32. fxg5 Nxg5 33. Kf2 g6
34. Ne5 Ne4+ 35. Ke2 Nd6 36. Bd3 Rc8 37. Rxc8 Nxc8 38. Nd7 Bb4 39. Ba6 Nd6 40.
Nxb6 Ne4 41. Kd3 Nf2+ 42. Ke2 Ne4 43. Bb7 Kg7 44. Nd7 g5 45. Ne5 Nd6 46. Bc6
Nf5 47. Kd3 f6 48. Nd7 Nd6 49. Nc5 Kf7 50. Na6 Be1 51. b4 Bf2 52. Nc5 Nf5 53.
Nb3 g4 54. a5 Nd6 55. b5 Ke7 56. b6 Kd8 57. Nc5 Nc4 58. b7 1-0

[Event "Senior DM 2017 - 65+"]
[Site "Logumkloster"]
[Date "2017.02.18"]
[Round "7"]
[White "Haugaard, Thomas"]
[Black "Rasmussen, Knud Aage"]
[Result "1-0"]
[WhiteElo "1687"]
[BlackElo "1795"]
[PlyCount "47"]
[EventDate "2017.02.??"]
[EventType "swiss"]
[EventRounds "7"]
[EventCountry "DEN"]
[WhiteClock "0:58:41"]
[BlackClock "0:55:57"]

1. d4 Nf6 2. c4 g6 3. Nc3 Bg7 4. e4 d6 5. f3 Nbd7 6. Be3 O-O 7. Qd2 c5 8. Nge2
a6 9. g4 cxd4 10. Nxd4 Nc5 11. Bg2 Bd7 12. h4 h5 13. g5 Ne8 14. O-O f6 15. Rad1
e5 16. Nde2 f5 17. Bxc5 dxc5 18. Qxd7 Qb6 19. exf5 gxf5 20. Ng3 Rf7 21. Qd2 Nc7
22. Nd5 Nxd5 23. Qxd5 Kf8 24. Qd6+ 1-0

[Event "Senior DM 2017 - 65+"]
[Site "Logumkloster"]
[Date "2017.02.18"]
[Round "7"]
[White "Rendlev, Niels Moller"]
[Black "Hvenekilde, Jorgen"]
[Result "1/2-1/2"]
[WhiteElo "1800"]
[BlackElo "2092"]
[PlyCount "28"]
[EventDate "2017.02.??"]
[EventType "swiss"]
[EventRounds "7"]
[EventCountry "DEN"]
[WhiteClock "1:01:40"]
[BlackClock "1:02:32"]

1. Nf3 g6 2. g3 Bg7 3. d4 d6 4. Bg2 c6 5. c4 Bf5 6. Nc3 Qc8 7. h3 Nf6 8. Bg5
Ne4 9. Nxe4 Bxe4 10. Qd2 h6 11. Be3 Nd7 12. O-O Nf6 13. Kh2 g5 14. Ne1 Bxg2
1/2-1/2

[Event "Senior DM 2017 - 65+"]
[Site "Logumkloster"]
[Date "2017.02.18"]
[Round "7"]
[White "Hardlei, Kim"]
[Black "Norregaard, Claus"]
[Result "0-1"]
[WhiteElo "1811"]
[BlackElo "2003"]
[PlyCount "54"]
[EventDate "2017.02.??"]
[EventType "swiss"]
[EventRounds "7"]
[EventCountry "DEN"]
[WhiteClock "0:38:49"]
[BlackClock "0:43:39"]

1. c4 e5 2. g3 Nc6 3. Bg2 g6 4. Nc3 Bg7 5. e4 d6 6. Nf3 Nge7 7. d3 O-O 8. Be3
Bg4 9. h3 Be6 10. Ng5 Bd7 11. Qd2 h6 12. Nf3 Kh7 13. O-O-O Nd4 14. Rdf1 Rb8 15.
Ne1 b5 16. Bxd4 exd4 17. Nxb5 Bxb5 18. cxb5 Rxb5 19. f4 c5 20. Nf3 Qb6 21. e5
Nf5 22. Qf2 Rb8 23. b3 a5 24. Re1 a4 25. Nd2 axb3 26. axb3 Ne3 27. exd6 Rxb3
0-1